Objets pokémon utiles en stratégie - Statistiques

Statistiques générales
  • Ce quiz a été pris 75 fois
  • Le résultat moyen est 34 sur 56
Statistiques - réponses
Hint Réponse % Correct
Augmente de 50% la statistique d'attaque du pokémon en échange de le bloquer sur une capacité Bandeau Choix
96%
Augmente de 50% la vitesse du pokémon en échange de le bloquer sur la 1er capacité qu'il utilise Mouchoir Choix
96%
Brûle le porteur (active le talent Cran de certains pokémons comme Ursaking) Orbe Flamme
96%
Les dégâts du Pokémon sont augmentés de 30% audétriment de 10% de ses pvs s'il a infligé des dégâts à son adversaire Orbe Vie
96%
Restaure 1/16 des pvs du porteur à chaque tour Restes
96%
Augmente de 50% ll'attaque spéciale du pokémon en l'échange de le bloquer sur la 1er capacité qu'il utilise Lunettes Choix
94%
Soigne 1/4 des pvs du porteur si celui-ci voit sa barrede vie descendre en dessous de 50% Baie Sitrus
93%
Immunise aux capacités de type Sol mais se détruitdès que le porteur subit des dégâts offensifs (utile sur Gromago par exemple) Ballon
93%
Lorsque le pokémon adverse utilise une capacitéde contact sur un pokémon tenant cet objet, celui-ci se voit perdre 1/6 de ses pvs Casque Brut
93%
Si le porteur a tous ses pv, il peut tenir n'importequelle attaque qui devrait l'ohko Ceinture Force
93%
Immunise le porteur aux dégâts des hazards (Picots, Piège de Roc, Toile Gluante et Pics Toxik) Grosses Bottes
91%
Empoisonne sévèrement le porteur (active Cran dePyroli par exemple, Soin Poison de Chapignon ou de Scorvol ou encore Rage Poison de Mangriff) Orbe Toxique
91%
Augmente de 20% la puissance des capacités de typeFeu (joué sur Chartor) Charbon
85%
Augmente de 50% la défense spéciale du porteur, en contrepartie de quoi le pokémon
ne plus utiliser de capacités non offensive
Veste de Combat
85%
Augmente de 20% la puissance des capacités de typeEau du porteur (joué sur Shifours et Kyogre) Eau mystique
78%
Le porteur perd 1/8 de ses pvs sauf s'il est de typePoison auquel cas l'objet lui restaure 1/6 de ses pvs Boue Noire
76%
Si le pokémon est encore capable d'évoluer, augmente de50% la défense et la défense spéciale du porteur Evoluroc
76%
Augmente la durée de la pluie créée par le porteur de cet objet de 3 tours (utile sur Bekipan et Tarpaud) Roche Humide
76%
Si le porteur de l'objet subit un coup sans être ko, il fortle switch du pokémon adverse Carton Rouge
70%
Cet objet permet aux murs créés par le porteur de cetobjet de durer 8 tours au lieu de 5 Lumargile
70%
Augmente de 20% la puissance des capacités de typeTénèbres du porteur (joué sur Scalpereur) Lunettes noires
70%
Augmente la durée du soleil mis par un porteur de cetobjet de 3 tours (utile sur Feunard et Chartor) Roche Chaude
70%
Objet assurant au porteur de taper 4 coups sur ses capacités de multi-coups (50% pour en avoir 5) joué sur des pokémons comme Glaivodo ou Koraidon) Dé Pipé
67%
Augmente de 20% la puissance des capacités de typePlante (présent sur Gorythmic) Graine Miracle
67%
Augmente de 20% la puissance des capacités de typeNormal (joué sur Ursaking Lune Vermeille) Mouchoir Soie
67%
Augmente de 10% la précision du porteur (indispensablesur Famignol) Loupe
65%
Soigne de tous problèmes de statu une fois (est jouéoccasionnellement sur Scalpereur ou Dracolosse entre autres) Baie Prine
63%
Augmente de 20% la puissance des capacités de typeVol (joué sur Boréas) Bec Pointu
63%
Multiplie par 2 l'attaque et l'attaque spéciale du porteur si celui-ci est affecté par une capacité super efficace Vulné Assurance
63%
A usage unique, fait passer une attaque utilisable en 2tours à une capacité d'1 seul tour (joué sur Pondralugon, Floréclat et Lunala) Herbe Pouvoir
61%
Soigne le porteur du Sommeil (utile sur les pokémons ayant Repos) Baie Maron
59%
Augmente la durée de la neige de 3 tours Roche Glace
59%
Restaure la première basse de stat que subit l porteur(joué sur Météno ou encore Tortank pour annuler les baisses de stats liées à Exuviation) Herbe Blanche
57%
Augmente de 20% la puissance des capacités de typeSol (joué sur Démétéros) Sable Doux
57%
Si le pokémon ayant cet objet subit un coup sans être ko,il est automatiquement switché (fort sur Sorcilence) Bouton Fuite
52%
A usage unique, augmente la défense du porteur si le Champ électrifié est actif (fort sur Brutalibré avec Tokorico ou en vgc grâce à Miraidon) Graine électrique
50%
A usage unique, augmente la défense spéciale du porteursi le champ psychique est actif (joué sur Wimessir en vgc ou encore Hoopa déchaîné et Brutalibré en solo) Graine Psychique
50%
Si le pokémon a utilisé une capacité de son, l'objet permetd'augmenter son attaque spéciale d'un cran de manière unique (fort sur Salarsen, Ekaiser et parfois Farigiraf) Spray Gorge
50%
Le porteur attaque en dernier, joué pour être échangé sur Angoliath en vgc par exemple Ralentiqueue
46%
A usage unique, augmente la défense du porteur si le Champ Herbu est actif (utile pour Farfurex ou encore Brutalibré) Graine Herbe
44%
A usage unique, si le pokémon possède le talent ChargeQuantique ou Paléosynthèse (donc s'il est un paradoxe), il voit sa statistique la plus élevée augmenter de 30% ou 50% exceptionnellement pour la vitesse Energie Booster
41%
Augmente le taux de coup critique d'un cran(joué dans une certaine mesure sur Braségali) Lentilscope
41%
Empêche le porteur de subir les effets d'Entrave, Encoreou encore Provoc notamment (utile sur Magearna et Cresselia en vgc) Herbe Mental
35%
Objet qui empêche les capacités de poudre d'affecter leporteur, comme Spore ou Poudre Fureur (très fort en vgc contre Gaulet entre autre) Lunettes Filtre
33%
Augmente la durée de la tempête de sable de 3 tours Roche Lisse
31%
Si le pokémon ayant cet objet subit une baisse de stat,il est automatiquement switché (utile en vgc) Sac Fuite
31%
A usage unique, divise par 2 les dégâts d'une capacitéde type Sol (utile sur Heatran dans les anciennes générations) Baie Jouca
30%
Annule tout effet secondaire qu'un pokémon adverse pourrait infliger au porteur de l'objet (très fort en vgc contre Bluff qui est omniprésent) Cape Obscure
28%
Le pokémon est écrasé au sol et voit sa vitesse diminuéde moitié (joué sur certains pokémons pour être échangée ou pour être rapide sous Distorsion) Balle de Fer
26%
A usage unique, baisse la vitesse du porteur si la Distorsion est active Chariot Distordu
26%
A usage unique, copie une augmentation de stat d'un pokémon adverse Feuille Copieuse
26%
L'attaque que le porteur utilise devient prioritaire unefois si celui-ci est en-dessous de 1/4 de ses pvs (utile pour Tarenbulle notamment) Baie Chérim
22%
Immunise le pokémon aux baisses de stats autres que celles que le pokémon s'inflige lui-même comme avec Exuviation par exemple (très joué en vgc) Talisman Sain
22%
A usage unique, divise par 2 les dégâts infligés par une capacité de type Ténèbres (utile sur Roigada de Galar) Baie Lampou
19%
Empêche le talent du porteur d'être changé (utile en vgcsur les alliés de Smogogo et Smogogo de Galar comme Koraidon) Garde-Talent
17%
Restaure 1/3 des pvs du porteurs lorsque ses pvs tombent en-dessous de 1/4 (jouée occasionnellement sur des pokémons ayant Gloutonnerie comme talent notamment) Baie Figuy
11%
Aucun quiz correspondant
Distribution des résultats
% des personnes avec chaque résultat
Percentile par nombre de réponses
Votre historique - résultats
Vous n’avez pas pris ce quiz